000 00727nam a2200265Ia 4500
001 7447
005 20240113234016.0
007 ta
008 050705s1989 a g b000 u eng u
020 _a81-229-0012-7
040 _aCotton College,Assam
041 _aeng
082 _a327.954
_bJo 77 In
100 _aJosh, Harcharan Singh .
245 0 _aIndian`s Foreign Policy /
_cHarcharan Singh Josh.
_hTextual Documents
250 _a1st ed. /
260 _aDelhi :
_bSurjeet Publications ,
_c1989.
300 _a374p. :
_bill. ;
_c22cm .
653 _aPolitical Science
653 _aForeign Policy-India
653 _aPG-Political Science
942 _2ddc
_cBK
999 _c7434
_d7434